Gidravličeskij privod pressov

Gespeichert in:
Bibliographische Detailangaben
1. Verfasser: Dobrinskij, Nikolaj Semenovič (Verfasst von)
Format: Buch
Sprache:Russisch
Veröffentlicht: Moskva : Mašinostrojenije, 1975
Schlagworte:
Tags: Tag hinzufügen
Keine Tags, Fügen Sie das erste Tag hinzu!

MARC

LEADER 00000nam a22000003a 4500
001 stu86039
005 20150617225629.4
008 040422s1975----xxr-----------------rus-d
040 |a STU  |b slo 
041 0 |a rus 
044 |a xxr 
080 |a 62-82 
100 1 |a Dobrinskij, Nikolaj Semenovič  |4 aut 
245 1 |a Gidravličeskij privod pressov 
260 |a Moskva :  |b Mašinostrojenije,  |c 1975 
300 |a 221 s 
650 7 |a Lisy hydraulické  |2 stusub 
996 |b 284J020530  |c J*48047  |l JJSK  |s A  |a 24  |w stu86039_0001